Geography Beginning & Ending in U - Statistics

General Stats
  • This quiz has been taken 26 times
  • The average score is 2 of 9
Answer Stats
Hint Answer % Correct
Famous inselberg in the heart of Australia. Uluru
92%
The 11th-most spoken language worldwide, with 78 million native speakers and 168 million learned-speakers. Urdu
85%
Sumerogram that translates from Sumerian to 'City'. Found commonly in the Amarna Letters. Uru
31%
The southernmost district in South Africa's KwaZulu-Natal Province. Translates from isiZulu to 'Coast'. Ugu
8%
Tributary of the Atsuma River in Hokkaido. Ukuru
8%
This Kazakh region in the country's center was created in 2022. Ulynau
0%
Name of a village panchayat in Regidi Amadalavalasa, which is in Srikakulam District of Andhra Pradesh. Unukuru
0%
Japanese city which was subject to Oda Nobunaga's last campaign (in 1582). Uozu
0%
A village in Romania's Giurgiu County. Uzunu
0%
No matching quizzes found
Score Distribution
Percent of People with Each Score
Percentile by Number Answered
Your Score History
You have not taken this quiz